[Event "DEM U14w 2004"]
[Site "Willingen GER"]
[Date "2004.06.01"]
[Round "4"]
[White "Weiß, Katharina"]
[Black "Weber, Kristina"]
[Result "0-1"]
[Termination "normal"]
[Board "9"]
[WhiteElo "1567"]
[BlackElo "1482"]
[PlyCount "88"]
[WhiteFideId "24692859"]
[EventCountry "GER"]
[EventRounds "9"]
[EventType "swiss"]
[EventDate "2004.05.29"]

1. e4 e6 2. d4 d5 3. Nc3 dxe4 4. Nxe4 Nd7 5. Nf3 Be7 6. c3 Ngf6 7. Ng3 O-O 8.
Bd3 c5 9. O-O b6 10. Ne5 Bb7 11. Nxd7 Nxd7 12. Be4 Bxe4 13. Nxe4 cxd4 14. Qxd4
Nc5 15. Qxd8 Rfxd8 16. Nxc5 Bxc5 17. Bf4 Rd3 18. Rad1 Rad8 19. Rxd3 Rxd3 20.
Re1 Kf8 21. Kf1 Ke7 22. Ke2 Rd7 23. b4 Bd6 24. Bxd6+ Rxd6 25. Rd1 Rxd1 26. Kxd1
Kd6 27. Kd2 Kd5 28. Kd3 b5 29. f3 e5 30. g4 g6 31. h4 f5 32. gxf5 gxf5 33. h5
h6 34. a3 a6 35. Kd2 Kc4 36. Kc2 e4 37. fxe4 fxe4 38. Kd2 Kd5 39. Ke2 Ke5 40.
Ke3 Kf5 41. Ke2 Kf4 42. Kf2 e3+ 43. Ke2 Ke4 44. Ke1 Kd3 0-1

[Event "DEM U14w 2004"]
[Site "Willingen GER"]
[Date "2004.06.01"]
[Round "4"]
[White "Erben, Larissa"]
[Black "Bäßler, Maike"]
[Result "1-0"]
[Termination "normal"]
[Board "11"]
[WhiteElo "1651"]
[BlackElo "884"]
[PlyCount "31"]
[WhiteFideId "24634590"]
[EventCountry "GER"]
[EventRounds "9"]
[EventType "swiss"]
[EventDate "2004.05.29"]

1. e4 c5 2. Nf3 Nc6 3. d4 cxd4 4. Nxd4 Nf6 5. Nc3 d6 6. Bc4 e5 7. Nb3 g6 8. Bg5
Bg7 9. Nd5 b6 10. Qf3 O-O 11. Nxf6+ Bxf6 12. Bxf6 Qe8 13. Qe3 Nb4 14. Qh6 Nxc2+
15. Kd2 Nxa1 16. Qg7# 1-0

[Event "DEM U14w 2004"]
[Site "Willingen GER"]
[Date "2004.06.01"]
[Round "4"]
[White "Wolf, Carolin"]
[Black "Billing, Tanja"]
[Result "0-1"]
[Termination "normal"]
[Board "12"]
[WhiteElo "1530"]
[BlackElo "1449"]
[PlyCount "92"]
[WhiteFideId "24628034"]
[BlackFideId "24647993"]
[EventCountry "GER"]
[EventRounds "9"]
[EventType "swiss"]
[EventDate "2004.05.29"]

1. e4 c5 2. d4 cxd4 3. c3 dxc3 4. Nxc3 d6 5. Bc4 e6 6. Nf3 Nc6 7. Qe2 Be7 8.
O-O a6 9. a4 Nf6 10. Rd1 e5 11. Nd5 O-O 12. Be3 Nxd5 13. Bxd5 Qc7 14. Rac1 Bd7
15. Rc2 Qa5 16. Bb3 Nb4 17. Rcc1 Bxa4 18. Ra1 Qb5 19. Qxb5 axb5 20. Bxa4 bxa4
21. Rac1 Rfc8 22. Kf1 Rc2 23. Rxc2 Nxc2 24. Bd2 a3 25. bxa3 Rxa3 26. Ke2 Ra1
27. Rxa1 Nxa1 28. Bb4 Nc2 29. Bc3 Kf8 30. Nd2 b5 31. Nb3 Ke8 32. Kd3 Na3 33.
Na5 Bd8 34. Nc6 Bb6 35. f3 Bc5 36. Na5 b4 37. Bb2 Kd7 38. Nb3 f6 39. Ba1 Kc6
40. Nd2 Kb5 41. Bb2 Ka4 42. Nc4 Kb3 43. Bxa3 bxa3 44. Na5+ Ka4 45. Nc4 a2 46.
Nb2+ Kb3 0-1

[Event "DEM U14w 2004"]
[Site "Willingen GER"]
[Date "2004.06.01"]
[Round "4"]
[White "van Orsouw, Svenja"]
[Black "Mai, Felicitas"]
[Result "1/2-1/2"]
[Termination "normal"]
[Board "13"]
[WhiteElo "1484"]
[BlackElo "1209"]
[PlyCount "111"]
[WhiteFideId "24677124"]
[BlackFideId "4635345"]
[EventCountry "GER"]
[EventRounds "9"]
[EventType "swiss"]
[EventDate "2004.05.29"]

1. e4 e6 2. Nf3 d5 3. e5 c5 4. b4 c4 5. c3 Bd7 6. d4 Ne7 7. Be2 Nf5 8. Bf4 Be7
9. O-O O-O 10. Re1 a5 11. Bd2 Nc6 12. b5 Na7 13. a4 Nc8 14. Na3 Nb6 15. Nc2 f6
16. Ne3 Nh6 17. Qc1 Qc7 18. Bd1 Nf7 19. Ng4 f5 20. Ne3 Ng5 21. Nxg5 Bxg5 22.
Nxd5 exd5 23. Bxg5 Be6 24. f4 Nd7 25. Bh4 Rfe8 26. h3 Nf8 27. Bf2 Ng6 28. Bh5
Bf7 29. Bxg6 Bxg6 30. g4 b6 31. Re3 Re6 32. Bg3 Rf8 33. Qd1 Qf7 34. Qf3 Rd8 35.
g5 Bh5 36. Qg2 g6 37. Be1 Qb7 38. Bd2 Qb8 39. Bc1 Qb7 40. h4 Bg4 41. Ba3 Qc7
42. Rc1 Qb7 43. Qh1 Bh5 44. Kf2 Bg4 45. Rg3 Bh5 46. Re1 Kf7 47. Bd6 Kg8 48. Rb1
Bg4 49. Rxg4 fxg4 50. Ke3 Rdxd6 51. Qg2 Qd7 52. Kf2 Qf7 53. exd6 Qxf4+ 54. Kg1
Qe3+ 55. Kh1 Rxd6 56. Qxg4 1/2-1/2

[Event "DEM U14w 2004"]
[Site "Willingen GER"]
[Date "2004.06.01"]
[Round "4"]
[White "Stellwagen, Katja"]
[Black "Ludwig, Lisa"]
[Result "1-0"]
[Termination "normal"]
[Board "14"]
[WhiteElo "1433"]
[BlackElo "1224"]
[PlyCount "63"]
[BlackFideId "24671444"]
[EventCountry "GER"]
[EventRounds "9"]
[EventType "swiss"]
[EventDate "2004.05.29"]

1. e4 g6 2. d4 Bg7 3. Be3 d6 4. Nc3 Nf6 5. Qd2 O-O 6. O-O-O a6 7. Bh6 b5 8. f3
Bb7 9. h4 Nbd7 10. g4 Kh8 11. Bxg7+ Kxg7 12. h5 g5 13. Qxg5+ Kh8 14. Qe3 Rg8
15. g5 Ne8 16. f4 b4 17. Nce2 c5 18. Ng3 a5 19. Bb5 Nc7 20. Bxd7 Qxd7 21. dxc5
Qc6 22. Qd4+ e5 23. Qxd6 Qxd6 24. cxd6 exf4 25. dxc7 fxg3 26. Rd8 Bxe4 27. Rh4
Bb7 28. Rhd4 Bc8 29. h6 f6 30. gxf6 g2 31. f7 Rxd8 32. Rxd8# 1-0

[Event "DEM U14w 2004"]
[Site "Willingen GER"]
[Date "2004.06.01"]
[Round "5"]
[White "Zikeli, Saskia"]
[Black "Jussupow, Ekaterina"]
[Result "0-1"]
[Termination "normal"]
[Board "1"]
[WhiteElo "1884"]
[BlackElo "1722"]
[PlyCount "104"]
[WhiteFideId "24601543"]
[BlackFideId "24625400"]
[EventCountry "GER"]
[EventRounds "9"]
[EventType "swiss"]
[EventDate "2004.05.29"]

1. e4 d6 2. d4 Nf6 3. Nc3 e5 4. dxe5 dxe5 5. Qxd8+ Kxd8 6. Bg5 Nc6 7. O-O-O+
Bd6 8. Nd5 h6 9. Bh4 g5 10. Nxf6 gxh4 11. Bc4 Be6 12. Bxe6 fxe6 13. Ng4 Ke7 14.
Nf3 h5 15. Ne3 Raf8 16. Nxh4 Rhg8 17. f3 Ke8 18. g3 Be7 19. Neg2 Bg5+ 20. Kb1
Rf6 21. c3 Ne7 22. Rd3 Ng6 23. Rhd1 Rf7 24. Nxg6 Rxg6 25. f4 exf4 26. gxf4 Be7
27. R3d2 h4 28. Rf1 Bd6 29. Rdf2 h3 30. Ne1 Rg4 31. e5 Bc5 32. Rf3 Rh7 33. f5
Bg1 34. fxe6 Bxh2 35. Rf8+ Ke7 36. R8f7+ Rxf7 37. exf7 Rf4 38. Rh1 Bg3 39. Nd3
Rf3 40. Kc2 h2 41. Kd2 Kxf7 42. Ke2 Rf5 43. Kd2 Kg6 44. Ke3 Kg5 45. e6 Kf6 46.
Nc1 Bf4+ 47. Ke2 Rg5 48. Nd3 Rg1 49. Nf2 Kxe6 50. Kf3 Bd6 51. b4 Kd5 52. a3 Kc4
0-1

[Event "DEM U14w 2004"]
[Site "Willingen GER"]
[Date "2004.06.01"]
[Round "5"]
[White "Hoffmann, Lena"]
[Black "Goergen, Barbara"]
[Result "0-1"]
[Termination "normal"]
[Board "2"]
[WhiteElo "1589"]
[BlackElo "1666"]
[PlyCount "110"]
[WhiteFideId "24626597"]
[EventCountry "GER"]
[EventRounds "9"]
[EventType "swiss"]
[EventDate "2004.05.29"]

1. Nc3 d5 2. e4 c6 3. f4 dxe4 4. Nxe4 Nf6 5. Nf2 Nbd7 6. Nf3 g6 7. b3 Bg7 8.
Bb2 O-O 9. g3 Nc5 10. Bg2 Be6 11. Qe2 Bd5 12. O-O Nce4 13. Nxe4 Bxe4 14. d3 Bd5
15. Rae1 Re8 16. c4 Bxf3 17. Rxf3 e6 18. h3 Nd7 19. Bxg7 Kxg7 20. d4 Qb6 21.
Kh2 c5 22. Rd3 cxd4 23. Red1 e5 24. Qb2 exf4 25. gxf4 Nf6 26. Rxd4 Rad8 27.
Rxd8 Rxd8 28. Bd5 Qe3 29. Qd2 Qxd2+ 30. Rxd2 Nxd5 31. cxd5 Kf6 32. Kg3 Ke7 33.
Kg4 h6 34. Re2+ Kf6 35. Re5 Rd7 36. Kf3 Re7 37. Ke4 Rxe5+ 38. fxe5+ Ke7 39. d6+
Ke6 40. a4 f6 41. exf6 Kxd6 42. f7 Ke7 43. Kd5 Kxf7 44. Kd6 g5 45. Kc7 h5 46.
Kxb7 g4 47. hxg4 hxg4 48. Kxa7 g3 49. a5 g2 50. a6 g1=Q+ 51. Ka8 Qb6 52. a7 Ke7
53. b4 Qc6+ 54. Kb8 Kd7 55. a8=Q Qc7# 0-1

[Event "DEM U14w 2004"]
[Site "Willingen GER"]
[Date "2004.06.01"]
[Round "5"]
[White "Hofmann, Christine"]
[Black "Jehle, Anja"]
[Result "0-1"]
[Termination "normal"]
[Board "3"]
[WhiteElo "1607"]
[BlackElo "1582"]
[PlyCount "76"]
[BlackFideId "24631434"]
[EventCountry "GER"]
[EventRounds "9"]
[EventType "swiss"]
[EventDate "2004.05.29"]

1. c4 e5 2. Nc3 Nf6 3. e3 Nc6 4. d4 exd4 5. exd4 Bb4 6. Bg5 O-O 7. Nge2 Re8 8.
g3 h6 9. Bf4 Ne4 10. Qd3 Bxc3+ 11. bxc3 d6 12. Rc1 Qe7 13. Be3 Bf5 14. Qd1 Qd7
15. Nf4 Bg4 16. Qc2 Ng5 17. Bg2 Nf3+ 18. Kf1 Bf5 19. Qd1 Ng5 20. h3 Be4 21.
Bxe4 Nxe4 22. Qf3 Na5 23. Qe2 Qf5 24. Kg2 Ng5 25. Nd5 Rac8 26. Qg4 Qxg4 27.
hxg4 Nxc4 28. Bxg5 hxg5 29. Rb1 Nb6 30. Ne3 Re7 31. Nf5 Re2 32. Kf3 Rce8 33.
Ra1 Rc2 34. Rhc1 Ree2 35. Re1 Rxf2+ 36. Ke3 Nd5+ 37. Kd3 Rxc3+ 38. Ke4 Nf6# 0-1

[Event "DEM U14w 2004"]
[Site "Willingen GER"]
[Date "2004.06.01"]
[Round "5"]
[White "Weber, Kristina"]
[Black "Fuchs, Judith"]
[Result "0-1"]
[Termination "normal"]
[Board "4"]
[WhiteElo "1482"]
[BlackElo "1967"]
[PlyCount "80"]
[BlackFideId "24605611"]
[EventCountry "GER"]
[EventRounds "9"]
[EventType "swiss"]
[EventDate "2004.05.29"]

1. d4 d5 2. c4 e6 3. Nc3 Nf6 4. Bg5 Be7 5. e3 O-O 6. Qc2 Nbd7 7. Bd3 dxc4 8.
Bxc4 a6 9. a4 b6 10. Nge2 Bb7 11. O-O Rc8 12. Qd3 a5 13. Rfd1 Ne8 14. Bf4 Ra8
15. Rac1 Nd6 16. Bxd6 Bxd6 17. Ne4 Bxh2+ 18. Kf1 Qh4 19. N4g3 Rfd8 20. Bb5 c6
21. Bxc6 Bxc6 22. Rxc6 Ne5 23. Qb5 Nxc6 24. Qxc6 Bxg3 25. Nxg3 Rab8 26. Qc4 h6
27. Qd3 Rdc8 28. Ke2 Qe7 29. Qb3 Qb7 30. f3 b5 31. axb5 Qxb5+ 32. Qxb5 Rxb5 33.
Rd2 Rcb8 34. Ne4 Rxb2 35. g4 a4 36. Nc3 a3 37. Kd3 Rxd2+ 38. Kxd2 a2 39. Nxa2
Rb2+ 40. Kc3 Rxa2 0-1

[Event "DEM U14w 2004"]
[Site "Willingen GER"]
[Date "2004.06.01"]
[Round "5"]
[White "Vollak, Marleen"]
[Black "Mader, Manuela"]
[Result "0-1"]
[Termination "normal"]
[Board "5"]
[WhiteElo "1569"]
[BlackElo "1829"]
[PlyCount "70"]
[WhiteFideId "24624233"]
[BlackFideId "24612928"]
[EventCountry "GER"]
[EventRounds "9"]
[EventType "swiss"]
[EventDate "2004.05.29"]

1. d4 d5 2. c4 e6 3. Nc3 Nf6 4. Bg5 Be7 5. Nf3 h6 6. Bh4 O-O 7. cxd5 Nxd5 8.
Nxd5 exd5 9. Bxe7 Qxe7 10. h3 Nd7 11. e3 Nf6 12. Bd3 Ne4 13. O-O c6 14. Qe2 Kh8
15. Rfc1 Rg8 16. Rab1 a5 17. a3 g5 18. Ne5 g4 19. Nxg4 Bxg4 20. hxg4 Qh4 21.
Bxe4 dxe4 22. g3 Rxg4 23. Kg2 Rag8 24. Qe1 Qh5 25. Qd1 R8g5 26. Rc5 f5 27. Rxa5
Qh4 28. Qe1 Rh5 29. Qh1 Qg5 30. Qg1 Rgh4 31. Ra8+ Kg7 32. Ra7 Qg4 33. Rxb7+ Kf8
34. Rb8+ Ke7 35. Rb7+ Kd6 0-1

[Event "DEM U14w 2004"]
[Site "Willingen GER"]
[Date "2004.06.01"]
[Round "5"]
[White "Remy, Janina"]
[Black "Zier, Verena"]
[Result "1/2-1/2"]
[Termination "normal"]
[Board "6"]
[WhiteElo "1504"]
[BlackElo "1605"]
[PlyCount "39"]
[WhiteFideId "24627348"]
[BlackFideId "24620602"]
[EventCountry "GER"]
[EventRounds "9"]
[EventType "swiss"]
[EventDate "2004.05.29"]

1. c4 e6 2. g3 d5 3. d4 Nf6 4. Nf3 Be7 5. Bg2 O-O 6. Qc2 c5 7. cxd5 Nxd5 8.
dxc5 Qa5+ 9. Bd2 Qxc5 10. Qxc5 Bxc5 11. O-O Nc6 12. Nc3 Nce7 13. Rac1 b6 14.
Ne4 Bb4 15. Bxb4 Nxb4 16. a3 Nbd5 17. Rfd1 Ba6 18. e3 Rfd8 19. h3 Rac8 20. Ned2
1/2-1/2

[Event "DEM U14w 2004"]
[Site "Willingen GER"]
[Date "2004.06.01"]
[Round "5"]
[White "Karmann, Anna"]
[Black "Hannes, Diana"]
[Result "0-1"]
[Termination "normal"]
[Board "7"]
[WhiteElo "1457"]
[BlackElo "1692"]
[PlyCount "42"]
[WhiteFideId "24648000"]
[BlackFideId "24611344"]
[EventCountry "GER"]
[EventRounds "9"]
[EventType "swiss"]
[EventDate "2004.05.29"]

1. c4 f5 2. b3 Nf6 3. Bb2 e6 4. g3 d5 5. Nf3 Be7 6. Bg2 c6 7. O-O O-O 8. d3 Bd7
9. Nbd2 Be8 10. Ne5 Nbd7 11. Ndf3 Bh5 12. Qc2 Bxf3 13. Nxf3 Bd6 14. Nd4 Qe7 15.
a3 f4 16. Kh1 Rad8 17. Rfe1 Ng4 18. Kg1 Qg5 19. Nf3 fxg3 20. hxg3 Qh5 21. Rf1
Rxf3 0-1

[Event "DEM U14w 2004"]
[Site "Willingen GER"]
[Date "2004.06.01"]
[Round "5"]
[White "Billing, Tanja"]
[Black "Weiß, Katharina"]
[Result "1/2-1/2"]
[Termination "normal"]
[Board "9"]
[WhiteElo "1449"]
[BlackElo "1567"]
[PlyCount "34"]
[WhiteFideId "24647993"]
[BlackFideId "24692859"]
[EventCountry "GER"]
[EventRounds "9"]
[EventType "swiss"]
[EventDate "2004.05.29"]

1. c4 c5 2. Nc3 Nc6 3. g3 g6 4. Bg2 Bg7 5. e3 d6 6. Nge2 Ne5 7. d3 Nf6 8. h3
O-O 9. O-O Rb8 10. b3 a6 11. d4 Ned7 12. Bb2 b5 13. cxb5 axb5 14. dxc5 dxc5 15.
Rc1 Bb7 16. Nf4 Bxg2 17. Kxg2 e6 1/2-1/2

[Event "DEM U14w 2004"]
[Site "Willingen GER"]
[Date "2004.06.01"]
[Round "5"]
[White "Stellwagen, Katja"]
[Black "Benzen, Marthe"]
[Result "1/2-1/2"]
[Termination "normal"]
[Board "11"]
[WhiteElo "1433"]
[BlackElo "1477"]
[PlyCount "94"]
[BlackFideId "24647764"]
[EventCountry "GER"]
[EventRounds "9"]
[EventType "swiss"]
[EventDate "2004.05.29"]

1. e4 Nc6 2. Nf3 e5 3. Bc4 Bc5 4. Nc3 Nge7 5. d3 d6 6. Be3 Bb6 7. Qe2 Ba5 8.
O-O Bg4 9. Bd2 Nd4 10. Qd1 Nxf3+ 11. gxf3 Bh3 12. Re1 f5 13. f4 Ng6 14. fxe5
dxe5 15. exf5 Bxf5 16. f4 Bb6+ 17. Kh1 Qh4 18. Qf3 O-O-O 19. fxe5 Bg4 20. Qg2
Rhf8 21. Re4 Bf3 22. Qxf3 Rxf3 23. Rxh4 Nxh4 24. Bg5 Rd4 25. Ne2 Rxc4 26. dxc4
Ng6 27. Rd1 c6 28. e6 h6 29. Bd2 Rf6 30. Bc3 Rxe6 31. Ng3 Ne5 32. Re1 Bc7 33.
Nf5 g6 34. Nxh6 Kd7 35. Bxe5 Bxe5 36. c3 Bf4 37. Rxe6 Kxe6 38. Ng4 Bc1 39. b3
Bd2 40. Kg2 Bxc3 41. Kf3 Be5 42. Nxe5 Kxe5 43. Kg4 Kf6 44. h4 b6 45. Kf4 a6 46.
Ke4 Ke6 47. Kf4 Kf6 1/2-1/2

[Event "DEM U14w 2004"]
[Site "Willingen GER"]
[Date "2004.06.01"]
[Round "5"]
[White "Bäßler, Maike"]
[Black "van Orsouw, Svenja"]
[Result "0-1"]
[Termination "normal"]
[Board "13"]
[WhiteElo "884"]
[BlackElo "1484"]
[PlyCount "120"]
[BlackFideId "24677124"]
[EventCountry "GER"]
[EventRounds "9"]
[EventType "swiss"]
[EventDate "2004.05.29"]

1. e4 c5 2. Nf3 Nc6 3. d4 cxd4 4. Nxd4 Nf6 5. Nc3 e5 6. Ndb5 d6 7. Be2 a6 8.
Na3 b5 9. Be3 b4 10. Nd5 bxa3 11. bxa3 Nxe4 12. Nb6 Rb8 13. Bf3 f5 14. g4 Ne7
15. Nxc8 Nc3 16. Nxd6+ Kd7 17. Qd2 Ncd5 18. Nf7 Qc7 19. Nxh8 e4 20. Be2 f4 21.
Bd4 Ke6 22. g5 Nf5 23. Bg4 Bxa3 24. Bxg7 Bb4 25. c3 Qxg7 26. Bxf5+ Kd6 27. cxb4
Qxa1+ 28. Qd1 Qxd1+ 29. Kxd1 Rxh8 30. Bxe4 Nc3+ 31. Kd2 Nxe4+ 32. Ke2 Nc3+ 33.
Kf3 Nxa2 34. Kxf4 Nxb4 35. Rd1+ Kc5 36. Rc1+ Kd4 37. Rd1+ Kc3 38. Ke3 a5 39.
Rc1+ Nc2+ 40. Ke2 Rd8 41. Rd1 Rxd1 42. Kxd1 a4 43. f4 a3 44. f5 a2 45. f6 a1=Q+
46. Ke2 Qa2 47. Kf3 Qe6 48. Kf4 Nd4 49. h4 Qf5+ 50. Ke3 Ne6 51. Ke2 Nxg5 52.
hxg5 Qxg5 53. f7 Qh5+ 54. Kf2 Qxf7+ 55. Kg3 Qf5 56. Kh4 Qg6 57. Kh3 Kd3 58. Kh4
Ke3 59. Kh3 Kf3 60. Kh2 Qg2# 0-1

[Event "DEM U14w 2004"]
[Site "Willingen GER"]
[Date "2004.06.01"]
[Round "5"]
[White "Ludwig, Lisa"]
[Black "Mai, Felicitas"]
[Result "0-1"]
[Termination "normal"]
[Board "14"]
[WhiteElo "1224"]
[BlackElo "1209"]
[PlyCount "94"]
[WhiteFideId "24671444"]
[BlackFideId "4635345"]
[EventCountry "GER"]
[EventRounds "9"]
[EventType "swiss"]
[EventDate "2004.05.29"]

1. Nc3 e6 2. d4 d5 3. e4 dxe4 4. Nxe4 Bd7 5. Nf3 Bc6 6. Bd3 Bxe4 7. Bxe4 c6 8.
c3 Nf6 9. Bg5 Nbd7 10. Qc2 Qc7 11. Bxf6 Nxf6 12. Bd3 Bd6 13. O-O-O O-O 14. h3
b5 15. g4 g6 16. Rdg1 Nd5 17. h4 Ne7 18. Rh3 a5 19. Rgh1 b4 20. c4 a4 21. Qe2
h6 22. Qe4 Rfb8 23. h5 g5 24. Qh7+ Kf8 25. Qh8+ Ng8 26. Bh7 Ke7 27. Qg7 Nf6 28.
Qxh6 Rh8 29. Nxg5 Rxh7 30. Nxh7 Bf4+ 31. Qxf4 Qxf4+ 32. Kb1 Nxh7 33. f3 Ng5 34.
R3h2 Nxf3 35. Rh3 Nd2+ 36. Kc2 Nxc4 37. h6 Rh8 38. h7 Qxd4 39. R3h2 Ne3+ 40.
Kb1 Nxg4 41. Rg2 Qe4+ 42. Rc2 Qxh1+ 43. Rc1 Qxh7+ 44. Ka1 Qc2 45. Rb1 a3 46.
bxa3 Qc3+ 47. Rb2 Rh1# 0-1

[Event "DEM U14w 2004"]
[Site "Willingen GER"]
[Date "2004.06.02"]
[Round "6"]
[White "Jehle, Anja"]
[Black "Jussupow, Ekaterina"]
[Result "0-1"]
[Termination "normal"]
[Board "1"]
[WhiteElo "1582"]
[BlackElo "1722"]
[PlyCount "96"]
[WhiteFideId "24631434"]
[BlackFideId "24625400"]
[EventCountry "GER"]
[EventRounds "9"]
[EventType "swiss"]
[EventDate "2004.05.29"]

1. d4 d6 2. c4 g6 3. Nc3 Bg7 4. e4 e5 5. d5 f5 6. f3 Nf6 7. Be3 O-O 8. Qd2 fxe4
9. fxe4 Ng4 10. Bg5 Qe8 11. Nf3 h6 12. Bh4 Nf6 13. Bd3 Na6 14. O-O-O Bd7 15.
Bc2 b5 16. cxb5 Bxb5 17. Nxb5 Qxb5 18. Bd3 Qa4 19. b3 Qa3+ 20. Qb2 Qxb2+ 21.
Kxb2 Nc5 22. Bxf6 Bxf6 23. Bc2 Rfc8 24. Nd2 c6 25. Nc4 Be7 26. Rd2 cxd5 27.
Rxd5 Na4+ 28. bxa4 Rxc4 29. Bb3 Rb8 30. Ka1 Rxb3 31. axb3 Rxe4 32. Rhd1 Re2 33.
R5d2 Rxd2 34. Rxd2 Kf7 35. Kb1 Ke6 36. Kc2 d5 37. Rd1 a5 38. h3 e4 39. g3 Bf6
40. Kd2 d4 41. Re1 Kd5 42. h4 Be5 43. Rg1 d3 44. h5 g5 45. Rg2 Kd4 46. Rg1 e3+
47. Kd1 e2+ 48. Kd2 Bd6 0-1

[Event "DEM U14w 2004"]
[Site "Willingen GER"]
[Date "2004.06.02"]
[Round "6"]
[White "Fuchs, Judith"]
[Black "Goergen, Barbara"]
[Result "1-0"]
[Termination "normal"]
[Board "2"]
[WhiteElo "1967"]
[BlackElo "1666"]
[PlyCount "31"]
[WhiteFideId "24605611"]
[EventCountry "GER"]
[EventRounds "9"]
[EventType "swiss"]
[EventDate "2004.05.29"]

1. e4 c5 2. Nc3 e6 3. f4 Nc6 4. Nf3 Nge7 5. a4 a6 6. Bc4 d6 7. O-O g6 8. d3 Bg7
9. Qe1 O-O 10. Qh4 Na5 11. f5 Nxc4 12. f6 Nf5 13. exf5 Ne5 14. Ng5 h6 15. fxg7
Kxg7 16. f6+ 1-0

[Event "DEM U14w 2004"]
[Site "Willingen GER"]
[Date "2004.06.02"]
[Round "6"]
[White "Mader, Manuela"]
[Black "Hoffmann, Lena"]
[Result "0-1"]
[Termination "normal"]
[Board "3"]
[WhiteElo "1829"]
[BlackElo "1589"]
[PlyCount "181"]
[WhiteFideId "24612928"]
[BlackFideId "24626597"]
[EventCountry "GER"]
[EventRounds "9"]
[EventType "swiss"]
[EventDate "2004.05.29"]

1. e4 c5 2. c3 d6 3. d4 cxd4 4. cxd4 Nf6 5. Nc3 a6 6. Bd3 Nbd7 7. Nge2 g6 8.
O-O Bg7 9. Kh1 e6 10. Bg5 h6 11. Bh4 O-O 12. Rb1 b5 13. b4 g5 14. Bg3 e5 15.
Bc2 Qc7 16. dxe5 dxe5 17. Bb3 Nb6 18. Rc1 Qe7 19. a3 Bb7 20. f3 Rfd8 21. Qc2
Rac8 22. Rfd1 Ne8 23. Bf2 Qc7 24. Bc5 Nd6 25. Bxd6 Rxd6 26. Rxd6 Qxd6 27. Rd1
Qc7 28. Qd3 Bf6 29. Qd6 Qxd6 30. Rxd6 Rc6 31. Rd3 Kg7 32. Kg1 Bc8 33. g4 Be6
34. Bxe6 fxe6 35. Ng3 Be7 36. Nge2 Rc7 37. Kf2 Rb7 38. Nc1 Nc4 39. Nb1 a5 40.
Rb3 axb4 41. axb4 Ra7 42. Nc3 Rb7 43. Nd3 Bd8 44. Rb1 Bb6+ 45. Ke2 Bd4 46. Nc5
Bxc5 47. bxc5 Na3 48. c6 Rb6 49. Rb3 b4 50. Na2 Nc2 51. Kd3 Nd4 52. Nxb4 Nxc6
53. Kc3 Nd4 54. Rb2 Nxf3 55. Rf2 Nd4 56. Nd3 Nb5+ 57. Kc4 Rb8 58. Nxe5 Nd6+ 59.
Kd3 Rb3+ 60. Kd4 Rb4+ 61. Kc5 Nxe4+ 62. Kxb4 Nxf2 63. Kc4 Kf6 64. Kd4 Nd1 65.
Nd7+ Ke7 66. Ne5 Nf2 67. Ng6+ Ke8 68. Ne5 Nh3 69. Ke4 Nf4 70. Nf3 Ng6 71. Kd4
Ke7 72. Ke4 Kd6 73. Nd4 Ne5 74. h3 Ng6 75. Nf3 Nf4 76. h4 Nh3 77. Kd4 gxh4 78.
Nxh4 Nf2 79. g5 hxg5 80. Nf3 g4 81. Nh4 e5+ 82. Ke3 Nh1 83. Ke2 Kd5 84. Kf1
Ng3+ 85. Kg2 Nh5 86. Ng6 e4 87. Nh4 Kd4 88. Nf5+ Kd3 89. Kf2 g3+ 90. Ke1 e3 91.
Kf1 0-1

[Event "DEM U14w 2004"]
[Site "Willingen GER"]
[Date "2004.06.02"]
[Round "6"]
[White "Erben, Larissa"]
[Black "Zikeli, Saskia"]
[Result "0-1"]
[Termination "normal"]
[Board "4"]
[WhiteElo "1651"]
[BlackElo "1884"]
[PlyCount "90"]
[WhiteFideId "24634590"]
[BlackFideId "24601543"]
[EventCountry "GER"]
[EventRounds "9"]
[EventType "swiss"]
[EventDate "2004.05.29"]

1. e4 c5 2. Nf3 e6 3. d4 cxd4 4. Nxd4 a6 5. Nc3 Qc7 6. Be2 Nf6 7. O-O Bb4 8.
Qd3 d6 9. Bd2 Bxc3 10. Bxc3 b5 11. Rad1 Bb7 12. Bf3 Nbd7 13. Rfe1 Nc5 14. Qe3
Ncxe4 15. Ne2 Nxc3 16. Nxc3 Bxf3 17. Qxf3 O-O 18. Qf4 Rfd8 19. Rd3 Rac8 20. Qg5
d5 21. Rg3 Ne8 22. Qg4 Qc4 23. Qxc4 Rxc4 24. a3 Nd6 25. Rd1 Rdc8 26. Rgd3 R4c6
27. h3 Nc4 28. Rb1 Nxa3 29. bxa3 Rxc3 30. Rxc3 Rxc3 31. a4 Rc5 32. axb5 Rxb5
33. Ra1 a5 34. Kf1 Kf8 35. Ke2 Ke7 36. Kd3 Kd6 37. Ra3 Kc6 38. g3 Kb6 39. c3
Rb2 40. Ke3 Kb5 41. f4 a4 42. Ra1 Rb3 43. Kd3 a3 44. Ra2 Kc5 45. Kc2 Kc4 0-1

[Event "DEM U14w 2004"]
[Site "Willingen GER"]
[Date "2004.06.02"]
[Round "6"]
[White "Hannes, Diana"]
[Black "Remy, Janina"]
[Result "1/2-1/2"]
[Termination "normal"]
[Board "5"]
[WhiteElo "1692"]
[BlackElo "1504"]
[PlyCount "44"]
[WhiteFideId "24611344"]
[BlackFideId "24627348"]
[EventCountry "GER"]
[EventRounds "9"]
[EventType "swiss"]
[EventDate "2004.05.29"]

1. d4 d5 2. e3 Nf6 3. f4 e6 4. Nf3 c5 5. c3 Nc6 6. Bd3 Be7 7. O-O O-O 8. Nbd2
b6 9. Ne5 Bb7 10. g4 Nd7 11. g5 f5 12. Rf3 Ncxe5 13. dxe5 Rf7 14. Rh3 g6 15.
Qe1 Nf8 16. Rg3 Qd7 17. h4 Rg7 18. b3 Rc8 19. Bb2 Rf7 20. Qf1 Bc6 21. Nf3 Bd8
22. Rg2 Rb8 1/2-1/2

[Event "DEM U14w 2004"]
[Site "Willingen GER"]
[Date "2004.06.02"]
[Round "6"]
[White "Zier, Verena"]
[Black "Vollak, Marleen"]
[Result "1/2-1/2"]
[Termination "normal"]
[Board "6"]
[WhiteElo "1605"]
[BlackElo "1569"]
[PlyCount "47"]
[WhiteFideId "24620602"]
[BlackFideId "24624233"]
[EventCountry "GER"]
[EventRounds "9"]
[EventType "swiss"]
[EventDate "2004.05.29"]

1. d4 Nf6 2. c4 e6 3. Nc3 d5 4. cxd5 exd5 5. Bg5 Nbd7 6. e3 c6 7. Qc2 Qa5 8.
Bd3 Bd6 9. Nf3 O-O 10. O-O Re8 11. Rac1 Qd8 12. Bxh7+ Kh8 13. Bd3 Nf8 14. Rfe1
Bg4 15. Be2 N8h7 16. Bh4 Qd7 17. Ng5 Nxg5 18. Bxg5 Ne4 19. Nxe4 dxe4 20. Bh4
Bxe2 21. Qxe2 Re6 22. Bg3 Rh6 23. a3 Re8 24. Red1 1/2-1/2

[Event "DEM U14w 2004"]
[Site "Willingen GER"]
[Date "2004.06.02"]
[Round "6"]
[White "Billing, Tanja"]
[Black "Hofmann, Christine"]
[Result "1-0"]
[Termination "normal"]
[Board "7"]
[WhiteElo "1449"]
[BlackElo "1607"]
[PlyCount "79"]
[WhiteFideId "24647993"]
[EventCountry "GER"]
[EventRounds "9"]
[EventType "swiss"]
[EventDate "2004.05.29"]

1. c4 e6 2. d4 d5 3. Bf4 c6 4. e3 Nf6 5. Nc3 Be7 6. Bd3 O-O 7. Nge2 Nbd7 8. Qc2
b6 9. O-O Bb7 10. Rac1 Rc8 11. Qb1 h6 12. Rfe1 Nh5 13. b4 Nxf4 14. Nxf4 Nf6 15.
c5 bxc5 16. bxc5 Rb8 17. Qc2 Qc7 18. Qa4 Ba8 19. Rb1 Nd7 20. Nfe2 e5 21. Ng3
Bf6 22. Bf5 exd4 23. exd4 Nxc5 24. dxc5 Bxc3 25. Rxb8 Rxb8 26. Rc1 Be5 27. Re1
g6 28. Bd3 Rb2 29. f4 Bxf4 30. Re8+ Kg7 31. Qd4+ Be5 32. Rxe5 f6 33. Qxb2 fxe5
34. Ne2 Bb7 35. Nf4 Bc8 36. Nxg6 Qa5 37. Qxe5+ Kf7 38. Qe7+ Kg8 39. Qf8+ Kh7
40. Ne7+ 1-0